maknae kpop - Statistiques

Statistiques générales
  • Ce quiz a été pris 878 fois
  • Le résultat moyen est 12 sur 20
Statistiques - réponses
Par images Réponse % Correct
Blackpink
98%
Bts
91%
enhypen
90%
stray kids
90%
txt
89%
gidle
78%
Twice
77%
ateez
75%
new jeans
73%
ive
70%
seventeen
64%
exo
53%
red velvet
52%
shinee
48%
izone
41%
nct 127
34%
astro
16%
mcnd
15%
cherrybullet
10%
OH MY GIRL
10%
Aucun quiz correspondant
Distribution des résultats
% des personnes avec chaque résultat
Percentile par nombre de réponses
Votre historique - résultats
Vous n’avez pas pris ce quiz